| 000 | 01197nam a22002777a 4500 | ||
|---|---|---|---|
| 003 | 0 | ||
| 005 | 20251017104827.0 | ||
| 008 | 251017b xxu||||| |||| 00| 0 eng d | ||
| 020 | _a978-971-27-3503-5 | ||
| 050 |
_aPQ 8897.R5 _b.N65 2020 |
||
| 100 |
_aRizal, José, _d1861–1896, _eauthor. |
||
| 245 |
_aNoli me tangere / _cJose Rizal ; translated by Leon Ma. Guerrero ; with a new introduction by David Guerrero. |
||
| 250 | _aAnvil edition. | ||
| 260 |
_aMandaluyong City : _bAnvil Publishing, Inc., _c2020. |
||
| 300 |
_a333 pages ; _c19 cm. |
||
| 500 | _aTranslation of the author’s novel originally published in Spanish in 1887. | ||
| 504 | _aIncludes bibliographical references. | ||
| 520 | _aA classic Philippine novel exposing social injustices under Spanish colonial rule through the story of Crisostomo Ibarra and his struggle for reform. | ||
| 546 | _aTranslated from Spanish. | ||
| 650 |
_aPhilippines _xSocial conditions _vFiction. |
||
| 650 | _aPolitical fiction, Philippine (English). | ||
| 650 | _aHistorical fiction, Philippine (English). | ||
| 700 |
_aGuerrero, León Ma., _ee translator. |
||
| 700 |
_aGuerrero, David, _ewriter of introduction. |
||
| 942 |
_2lcc _cBK |
||
| 999 |
_c368261 _d368261 |
||